Analysis

Saved in:
Bibliographic Details
Main Author: Lieb, Elliott H.
Other Authors: Loss, Michael 1954-
Format: Book
Language:English
Published: Providence, RI : American Mathematical Society, c2001
Edition:2nd ed.
Series:Graduate studies in mathematics ; ; 14
Subjects:
Tags: Add Tag
No Tags, Be the first to tag this record!

MARC

LEADER 00000nam a2200000 i 4500
001 1/58352
008 071012s2001 eng d
020 |a 0-8218-2783-9 
035 |l 10091474 
040 |a GR-MY-UA  |b gre  |e aacr 
041 0 |a eng 
082 0 |a 515  |2 (22) 
100 1 |a Lieb, Elliott H. 
245 1 0 |a Analysis /  |c Elliott H. Lieb, Michael Loss 
250 |a 2nd ed. 
260 |a Providence, RI :   |b American Mathematical Society,   |c c2001 
300 |a xxii, 346 σ.;  |c 26 εκ. 
490 1 |a Graduate studies in mathematics  |v ; 14 
504 |a Περιλαμβάνει βιβλιογραφικές παραπομπές και ευρετήριο 
650 0 0 |a Mathematical analysis. 
700 1 |a Loss, Michael  |d 1954- 
830 0 |a Graduate studies in mathematics ;  |v ; 14 
852 |a INST  |b CHIOS  |e 20071012  |h 515 LIE  |p 005200028729  |q 005200028729  |t BK  |y 0 
901 |a BIBL2-2007-3 
909 |a Χ  |b 139646 
922 |a 2ΕΛΗ  |b 200709  |c ΕΠΕΑΕΚ2/ΤΜΟΔ  |d ΠΑΠΑΣΩΤΗΡΙΟΥ 
970 |a ΒΑΣΙΛΑΚΗ  |b ΝΙΚΗ  |z 2007/10/12